000 01214nam a2200205Ia 4500
003 Ost
005 20260507075632.0
008 260507s9999||||xx |||||||||||||| ||und||
020 _a1041328977
040 _cfsecg
041 _aara
082 _a346.07
100 _aدويدار، هاني
_eمؤلف
245 0 _aالتنظيم القانوني للتجارة :
_bالأعمال تجارية، التجار السجل التجاري، الدفاتر التجارية، المحل التجاري /
_c هاني دويدار
260 _aالاسكندرية :
_bدار الجامعة الجديدة,
_c2001
300 _a337 صفحة؛
_bإيضاحات ؛
_c24 سم
520 _aنظرية الأعمال التجارية ، تقسيمات الأعمال التجارية ، النظام القانوني للأعمال التجارية ،في بعض أنظمة التجار ، التزامات التجار القانونية ، مسك الدفاتر التجارية ، المحل التجاري النظام القانوني للمحل التجاري ، التصرفات القانونية الواردة على المحل التجاري
653 _aالقانون التجاري
942 _cكتاب
999 _c45217
_d45217